Krok k dokonalejšiemu vzhľadu a zdraviu

Bibliographic Details
Main Author: Havranová, Marta (Author)
Format: Book
Language:Slovak
PhysicalDescription:85 s. sch. 23 cm
Published: Bratislava Právnická fakulta UK 2001
ISBN:8071601349
Series:Studia iuridica Bratislavensia
Subjects:

MARC

LEADER 00000nam a2200000 a 4500
001 vtls001417714
003 SK-MaSNL
005 20260301012707.0
008 251029s2001 xo a r y slo
015 |a SNBA2001/09-03215 
020 |a 8071601349 
035 |a SNK000372500 
035 |a urn:nbn:sk:snk-amk482 
035 |a urn:nbn:sk:snk-am0056vb 
035 |a 2E444EF2-24FF-4B87-BCBF-B6E43CBC55F0 
040 |a SNK  |b slo  |c SNK  |e AACR2 
041 0 |a slo 
044 |a xo  |c SK 
080 |a 613-055.2(035)  |2 1981 
100 1 |a Havranová, Marta  |4 aut  |9 11106 
245 1 0 |a Krok k dokonalejšiemu vzhľadu a zdraviu  |c Marta Havranová 
260 |a Bratislava  |b Právnická fakulta UK  |c 2001 
300 |a 85 s.  |b sch.  |c 23 cm 
490 1 |a Studia iuridica Bratislavensia  |v Nr. 22 
504 |a Bibliogr. s. 83-85 
650 0 7 |a životný štýl  |2 SNKPH  |9 1704 
650 0 7 |a ženy  |2 SNKPH  |9 4865 
650 0 7 |a zdravie  |2 SNKPH  |9 16322 
655 7 |a príručky  |2 SNK  |9 74364 
830 0 |a Studia iuridica Bratislavensia  |9 298145 
919 |a 80-7160-134-9 
958 |a MI 
958 |a TL 
958 |a NB 
999 |c 554162  |d 556092 
952 |t P60, <03>, [BOOK], {603}  |a SNK  |b SNK  |y PREZ  |7 0  |p 17A0308881  |o snkSC 105525  |i snkKSP 8912/2001  |0 0  |1 0  |4 0  |d 2001-07-31  |f 1  |l 0  |r 2025-09-26 00:00:00  |w 2026-02-23 
952 |t P60, <04>, [BOOK], {604}  |a SNK  |b SNK  |y VYP  |7 0  |p 17A0308882  |o snkSC 105525 D1  |i snkKSP 8913/2001  |0 0  |1 0  |4 0  |d 2001-07-31  |l 0  |r 2005-01-02 00:00:00  |w 2026-02-23